Statistics for Coldplay Lyrics To Song Quiz

Click here to take the quiz!

General Stats

  • This quiz has been taken 308 times
  • The average score is 11 of 20

Answer Stats

LyricsSong% Correct
Yeah they were all yellowYellow
96%
When she was just a girl, she expected the worldParadise
92%
Nobody said it was easy, it's such a shame for us to partThe scientist
88%
When you try your best but you don't succeedFix you
85%
I used to rule the world, seas would rise when I gave the wordViva la Vida
85%
A trouble that can't be named, a tiger's waiting to be tamedClocks
72%
Drink from me, drink from me when I was so thirstyHymn for the weekend
69%
You make me feel like I'm alive againAdventure of a lifetime
57%
All that noise and all that sound, all those places that I foundSpeed of sound
57%
It was a long and dark DecemberViolet hill
55%
Took a car down town and took what they offered meCharlie Brown
51%
I don't care go on and tear me apartA sky full of stars
42%
Oh they say people come, say people goEverglow
39%
You can climb a ladder up to the sunTalk
39%
And heaven is in sightEvery teardrop is a waterfall
32%
And why'd you have to go, have to go and throw water on my flamePrincess of China
32%
And how could anybody deny youGreen eyes
29%
So it's overUp in flames
23%
It's so cold, it's so cold. It's so cold, it's so cold.Hurts like heaven
20%
Yeah I trip, when I look into your eyesHypnotised
17%

Score Distribution

Percentile by Number Answered

Percent of People with Each Score

Your Score History

You have not taken this quiz